[Event "BUL-ch"]
[Site "Sofia"]
[Date "2023.01.21"]
[Round "1"]
[White "Dyulgerov, Dimitar"]
[Black "Stoyanov, Tsvetan"]
[Result "0-1"]
[WhiteElo "2054"]
[BlackElo "2446"]
[PlyCount "50"]
[EventDate "2023.01.21"]
[EventType "swiss"]
[EventRounds "9"]
[EventCountry "BUL"]
[SourceTitle "CBM 212 Extra"]
[Source "ChessBase"]
[SourceDate "2023.03.31"]
[SourceVersion "1"]
[SourceVersionDate "2023.03.31"]
[SourceQuality "1"]

1. e4 c5 2. Nf3 d6 3. d4 cxd4 4. Nxd4 Nf6 5. Nc3 a6 6. g3 e5 7. Nb3 Be7 8. Bg5 Be6 9. Bxf6 Bxf6 10. Bg2 0-0 11. 0-0 Be7 12. Nd5 Nd7 13. c4 Rc8 14. Qd3 Bg5 15. Nd2 Bxd2 16. Qxd2 Rxc4 17. Rfd1 Rd4 18. Qc2 Bxd5 19. Rxd4 exd4 20. exd5 Qb6 21. Rd1 Ne5 22. Be4 g6 23. h3 f5 24. Bg2 d3 25. Qc3 f4 0-1

[Event "Pleven op 2nd"]
[Site "Pleven"]
[Date "2015.10.17"]
[Round "4"]
[White "Tashkov, Rumen"]
[Black "Dyulgerov, Dimitar"]
[Result "1-0"]
[WhiteElo "2198"]
[BlackElo "2032"]
[PlyCount "67"]
[EventDate "2015.10.17"]
[EventType "swiss"]
[EventRounds "7"]
[EventCountry "BUL"]
[SourceTitle "CBM 168 Extra"]
[Source "ChessBase"]
[SourceDate "2015.10.29"]
[SourceVersion "1"]
[SourceVersionDate "2015.10.29"]
[SourceQuality "1"]

1. Nf3 d5 2. g3 Nc6 3. Bg2 e5 4. d3 h6 5. 0-0 Be6 6. c3 g5 7. Qa4 Qd7 8. b4 Bg7 9. Bb2 a6 10. b5 Na7 11. c4 d4 12. Nxe5 Bxe5 13. Bxb7 Rb8 14. Qxa6 Rxb7 15. Qxb7 Nc8 16. Qe4 Bg7 17. Nd2 Nge7 18. Nb3 f5 19. Qb7 Kf7 20. Nc5 Qd6 21. Nxe6 Kxe6 22. e3 Qb6 23. Qf3 Rd8 24. a4 Qa5 25. Bxd4 Rxd4 26. exd4 Bxd4 27. Rae1+ Kd7 28. g4 f4 29. Qe4 Bc3 30. Qe6+ Kd8 31. Re4 Qxa4 32. Qxh6 Nd6 33. Qf8+ Kd7 34. Rxe7# 1-0

[Event "Albena Vivacom op"]
[Site "Albena"]
[Date "2015.09.18"]
[Round "6"]
[White "Dyulgerov, Dimitar"]
[Black "Petrov, Vladimir Sergeev"]
[Result "1/2-1/2"]
[WhiteElo "1987"]
[BlackElo "2321"]
[PlyCount "41"]
[EventDate "2015.09.14"]
[EventType "swiss"]
[EventRounds "9"]
[EventCountry "BUL"]
[SourceTitle "EXT 2016"]
[Source "ChessBase"]
[SourceDate "2015.10.08"]
[SourceVersion "1"]
[SourceVersionDate "2015.10.08"]
[SourceQuality "1"]

1. e4 c5 2. Nf3 d6 3. d4 cxd4 4. Nxd4 Nf6 5. Nc3 a6 6. g3 e5 7. Nb3 Nbd7 8. a4 b6 9. Bg5 Be7 10. Bc4 0-0 11. 0-0 Bb7 12. Qe2 Qc7 13. Rad1 Rfc8 14. Nd2 h6 15. Bxf6 Nxf6 16. Rfe1 Nxe4 17. Nd5 Nxd2 18. Nxc7 Nf3+ 19. Kf1 Nxh2+ 20. Kg1 Nf3+ 21. Kf1 1/2-1/2

[Event "Albena Vivacom op"]
[Site "Albena"]
[Date "2015.09.16"]
[Round "4"]
[White "Dyulgerov, Dimitar"]
[Black "Petkov, Vladimir"]
[Result "1/2-1/2"]
[WhiteElo "1987"]
[BlackElo "2481"]
[PlyCount "94"]
[EventDate "2015.09.14"]
[EventType "swiss"]
[EventRounds "9"]
[EventCountry "BUL"]
[SourceTitle "EXT 2016"]
[Source "ChessBase"]
[SourceDate "2015.10.08"]
[SourceVersion "1"]
[SourceVersionDate "2015.10.08"]
[SourceQuality "1"]

1. e4 e6 2. d4 d5 3. e5 c5 4. c3 Qb6 5. a3 Bd7 6. b4 cxd4 7. cxd4 Bb5 8. Bxb5+ Qxb5 9. Nc3 Qa6 10. b5 Qb6 11. f4 Nd7 12. Nf3 Rc8 13. Qd3 Qc7 14. Bd2 Qc4 15. Ke2 Nh6 16. Rhc1 Nb6 17. Nd1 Qxd3+ 18. Kxd3 Rxc1 19. Rxc1 Kd7 20. Ne3 Be7 21. Bb4 Bxb4 22. axb4 f6 23. Nd2 Nc8 24. Rf1 f5 25. h3 Ne7 26. Nf3 Nf7 27. Ra1 Nc8 28. g4 fxg4 29. hxg4 h5 30. Rg1 hxg4 31. Rxg4 Rh7 32. f5 Ne7 33. f6 gxf6 34. exf6 Nc8 35. Ne5+ Kc7 36. Rg7 Rxg7 37. fxg7 Nh6 38. N3g4 Ng8 39. Nf7 Nce7 40. Ngh6 Kb6 41. Ke3 Kxb5 42. Kf4 Nf6 43. Nd6+ Kxb4 44. Kg5 Nh7+ 45. Kf4 Nf6 46. Kg5 Nh7+ 47. Kf4 Nf6 1/2-1/2

[Event "Albena op-B"]
[Site "Albena"]
[Date "2015.06.24"]
[Round "8"]
[White "Ninov, Dayan"]
[Black "Dyulgerov, Dimitar"]
[Result "1-0"]
[WhiteElo "2142"]
[BlackElo "1975"]
[PlyCount "131"]
[EventDate "2015.06.17"]
[EventType "swiss"]
[EventRounds "9"]
[EventCountry "BUL"]
[SourceTitle "CBM 167 Extra"]
[Source "ChessBase"]
[SourceDate "2015.09.14"]
[SourceVersion "1"]
[SourceVersionDate "2015.09.14"]
[SourceQuality "1"]

1. Nf3 d5 2. c4 e6 3. g3 Nd7 4. Bg2 Nb6 5. b3 Nf6 6. 0-0 c6 7. d3 a5 8. Bb2 a4 9. Nbd2 Bb4 10. a3 Bxd2 11. Nxd2 axb3 12. Qxb3 Na4 13. cxd5 exd5 14. Bd4 0-0 15. Rac1 Nd7 16. Qc2 Qe7 17. Rfe1 Ra6 18. e4 dxe4 19. Rxe4 Qg5 20. Be3 Qa5 21. Nc4 Qd8 22. Rh4 Nab6 23. Be4 h6 24. Nxb6 Nxb6 25. Qd2 f5 26. Bf3 Rf6 27. Rb1 Nd7 28. Bd4 Rd6 29. Qa2+ Kh7 30. Be3 Ne5 31. Be2 Be6 32. Qb2 Ng6 33. Rxh6+ gxh6 34. Qxb7+ Rd7 35. Qxa6 Qe7 36. Qxc6 Bd5 37. Qc5 f4 38. Qxe7+ Rxe7 39. gxf4 Nxf4 40. Bxf4 Rxe2 41. Ra1 h5 42. h4 Kg6 43. Kf1 Rc2 44. Be3 Bf3 45. Kg1 Kf5 46. Kh2 Be2 47. Rg1 Ra2 48. Rg5+ Kf6 49. Bc5 Rd2 50. d4 Bf3 51. d5 Rxd5 52. Rxd5 Bxd5 53. Kg3 Kf5 54. a4 Bc6 55. a5 Bb5 56. Bd4 Be2 57. Bc5 Ke4 58. Bb6 Kf5 59. f3 Ba6 60. Kf2 Bb7 61. Ke3 Ke5 62. Bc7+ Kf5 63. f4 Kg4 64. Bd8 Bc8 65. Bg5 Kf5 66. Kd4 1-0

[Event "BUL-ch U20"]
[Site "Sofia"]
[Date "2015.02.19"]
[Round "1"]
[White "Sharkov, Venko"]
[Black "Dyulgerov, Dimitar"]
[Result "1/2-1/2"]
[WhiteElo "1657"]
[BlackElo "2000"]
[PlyCount "61"]
[EventDate "2015.02.19"]
[EventType "tourn"]
[EventRounds "9"]
[EventCountry "BUL"]
[SourceTitle "CBM 165 Extra"]
[Source "ChessBase"]
[SourceDate "2015.04.21"]
[SourceVersion "1"]
[SourceVersionDate "2015.04.21"]
[SourceQuality "1"]

1. d4 c5 2. d5 e5 3. c4 d6 4. Nc3 Be7 5. e4 Na6 6. Be2 Bg5 7. Nf3 Bxc1 8. Rxc1 Ne7 9. Nd2 0-0 10. 0-0 Nc7 11. Bg4 Bxg4 12. Qxg4 a6 13. a4 Rb8 14. Qe2 f5 15. f4 exf4 16. Rxf4 Qd7 17. Rcf1 fxe4 18. Rxf8+ Rxf8 19. Rxf8+ Kxf8 20. Ndxe4 Kg8 21. Nxd6 Qxd6 22. Ne4 Qe5 23. d6 Nf5 24. dxc7 Qxc7 25. Ng5 Qd7 26. Qe6+ Qxe6 27. Nxe6 Nd6 28. Nxc5 Nxc4 29. b3 Nd6 30. b4 Kf7 31. Kf2 1/2-1/2

[Event "Vidin Balkan Amateur op 5th"]
[Site "Vidin"]
[Date "2014.08.24"]
[Round "2"]
[White "Petrov, Martin"]
[Black "Dyulgerov, Dimitar"]
[Result "1/2-1/2"]
[WhiteElo "2160"]
[BlackElo "1958"]
[PlyCount "80"]
[EventDate "2014.08.23"]
[EventType "swiss"]
[EventRounds "9"]
[EventCountry "BUL"]
[SourceTitle "CBM 162 Extra"]
[Source "ChessBase"]
[SourceDate "2014.10.17"]
[SourceVersion "1"]
[SourceVersionDate "2014.10.17"]
[SourceQuality "1"]

1. Nf3 Nf6 2. e3 b6 3. b3 Bb7 4. Bb2 e6 5. d4 Be7 6. Bd3 0-0 7. Nbd2 d5 8. 0-0 Nbd7 9. c4 c5 10. Rc1 cxd4 11. exd4 Ne4 12. Qe2 Nxd2 13. Nxd2 Bf6 14. Nf3 Rc8 15. Rfd1 Qe7 16. Rc2 dxc4 17. bxc4 Rfd8 18. Re1 Qd6 19. Rd2 Nb8 20. Red1 Ba6 21. Ne5 Bxe5 22. dxe5 Qe7 23. Ba3 Qe8 24. Bd6 Nc6 25. Qg4 g6 26. Qh4 Rd7 27. Bc2 Qd8 28. Qh6 Bxc4 29. Be4 Bd5 30. Bxd5 exd5 31. Rxd5 Ne7 32. R5d3 Nf5 33. Qf4 Nxd6 34. Rxd6 Rxd6 35. exd6 Qd7 36. h4 Rd8 37. h5 Qe6 38. h6 f6 39. Qa4 Rxd6 40. Rxd6 Qxd6 1/2-1/2

[Event "Blagoevgrad op"]
[Site "Blagoevgrad"]
[Date "2013.10.04"]
[Round "9"]
[White "Dyulgerov, Dimitar"]
[Black "Okov, Mario"]
[Result "1-0"]
[WhiteElo "1996"]
[BlackElo "1743"]
[PlyCount "131"]
[EventDate "2013.09.28"]
[EventType "swiss"]
[EventRounds "9"]
[EventCountry "BUL"]
[SourceTitle "CBM 156 Extra"]
[Source "ChessBase"]
[SourceDate "2013.10.22"]
[SourceVersion "1"]
[SourceVersionDate "2013.10.22"]
[SourceQuality "1"]

1. d4 Nf6 2. c4 g6 3. Nf3 Bg7 4. Nc3 0-0 5. e4 d6 6. Be2 Na6 7. Qc2 Re8 8. 0-0 c5 9. d5 Nc7 10. Bf4 Nh5 11. Be3 a6 12. a4 Rb8 13. Nd2 e6 14. Rab1 exd5 15. exd5 Nf6 16. h3 b5 17. axb5 axb5 18. b3 b4 19. Nce4 Nxe4 20. Nxe4 Rxe4 21. Qxe4 Bf5 22. Qf3 Bxb1 23. Rxb1 Ra8 24. Bf4 Ne8 25. Bd3 Ra1 26. Rxa1 Bxa1 27. Qe2 Bf6 28. Qa2 Qe7 29. Qa8 Kg7 30. Bf1 Bd4 31. Qa2 Nf6 32. Qe2 Qxe2 33. Bxe2 Ne8 34. Kf1 Be5 35. Bg5 f6 36. Bc1 Kf7 37. f4 Bd4 38. f5 Ng7 39. fxg6+ hxg6 40. g4 f5 41. Bg5 Bf6 42. Bf4 Ke7 43. Bd3 g5 44. Bc1 f4 45. h4 gxh4 46. Bxf4 Be5 47. Bg5+ Bf6 48. Bh6 Be5 49. Kg2 Kf7 50. Kh3 Bg3 51. Bg5 Ne8 52. Bxh4 Bxh4 53. Kxh4 Nf6 54. Bf5 Kg7 55. g5 Ng8 56. Kg4 Ne7 57. Bc2 Kf7 58. Kh5 Ng8 59. Bf5 Ne7 60. Kg4 Kg7 61. Bc2 Kf7 62. Kh5 Kg7 63. g6 Kf6 64. Kh6 Nxg6 65. Bxg6 Ke5 66. Be8 1-0

[Event "Blagoevgrad op"]
[Site "Blagoevgrad"]
[Date "2013.10.02"]
[Round "7"]
[White "Dyulgerov, Dimitar"]
[Black "Spasova, Tsvetelina"]
[Result "1/2-1/2"]
[WhiteElo "1996"]
[BlackElo "1765"]
[PlyCount "30"]
[EventDate "2013.09.28"]
[EventType "swiss"]
[EventRounds "9"]
[EventCountry "BUL"]
[SourceTitle "CBM 156 Extra"]
[Source "ChessBase"]
[SourceDate "2013.10.22"]
[SourceVersion "1"]
[SourceVersionDate "2013.10.22"]
[SourceQuality "1"]

1. d4 g6 2. c4 Bg7 3. Nf3 d6 4. Nc3 e5 5. e3 Ne7 6. Be2 0-0 7. 0-0 exd4 8. exd4 h6 9. b3 Nf5 10. Bb2 Re8 11. Qd2 a5 12. Rfe1 Bd7 13. a3 Nc6 14. Nb5 Na7 15. Nc3 Nc6 1/2-1/2

[Event "Blagoevgrad op"]
[Site "Blagoevgrad"]
[Date "2013.10.01"]
[Round "6"]
[White "Janev, Pavel"]
[Black "Dyulgerov, Dimitar"]
[Result "1-0"]
[WhiteElo "2222"]
[BlackElo "1996"]
[PlyCount "77"]
[EventDate "2013.09.28"]
[EventType "swiss"]
[EventRounds "9"]
[EventCountry "BUL"]
[SourceTitle "CBM 156 Extra"]
[Source "ChessBase"]
[SourceDate "2013.10.22"]
[SourceVersion "1"]
[SourceVersionDate "2013.10.22"]
[SourceQuality "1"]

1. e4 c5 2. Nf3 d6 3. d4 cxd4 4. Nxd4 Nf6 5. Nc3 a6 6. Bc4 e6 7. Bb3 Nbd7 8. f4 Nc5 9. f5 Be7 10. 0-0 0-0 11. Qf3 Bd7 12. Bg5 b5 13. fxe6 fxe6 14. Nf5 Nxb3 15. Nxe7+ Qxe7 16. axb3 Bc6 17. Qe3 b4 18. Ne2 e5 19. Ng3 Qa7 20. Qxa7 Rxa7 21. Bxf6 Rxf6 22. c4 Kf7 23. Rxf6+ gxf6 24. Ra5 Ke6 25. Kf2 Kd7 26. Ke3 Bb7 27. Ra1 Ra8 28. Rd1 Ke6 29. Nf5 Rd8 30. g4 a5 31. h4 Bc6 32. Ra1 Rg8 33. Rd1 Rd8 34. g5 fxg5 35. hxg5 a4 36. bxa4 Bxa4 37. Ra1 Ra8 38. Rh1 Ra7 39. Rh6+ 1-0

[Event "Blagoevgrad op"]
[Site "Blagoevgrad"]
[Date "2013.09.29"]
[Round "3"]
[White "Dyulgerov, Dimitar"]
[Black "Chepandov, Georgi"]
[Result "1-0"]
[WhiteElo "1996"]
[BlackElo "2010"]
[PlyCount "91"]
[EventDate "2013.09.28"]
[EventType "swiss"]
[EventRounds "9"]
[EventCountry "BUL"]
[SourceTitle "CBM 156 Extra"]
[Source "ChessBase"]
[SourceDate "2013.10.22"]
[SourceVersion "1"]
[SourceVersionDate "2013.10.22"]
[SourceQuality "1"]

1. d4 Nf6 2. c4 e6 3. Nf3 d5 4. Nc3 c6 5. cxd5 exd5 6. Qc2 Bb4 7. Bg5 h6 8. Bxf6 Qxf6 9. a3 Bxc3+ 10. Qxc3 0-0 11. e3 Bf5 12. Bd3 Nd7 13. 0-0 Rac8 14. b4 Rfe8 15. Bxf5 Qxf5 16. Rfc1 Nf6 17. Qb3 Ne4 18. Rc2 Nd6 19. a4 a6 20. Ne5 f6 21. Nd3 g5 22. Nc5 Rc7 23. Rf1 Kg7 24. Rcc1 h5 25. Rce1 Rce7 26. f3 Qc8 27. Qd3 b6 28. Nb3 Nc4 29. e4 Nb2 30. Qd2 Nxa4 31. Ra1 b5 32. e5 Qf5 33. f4 g4 34. Rfc1 Qc8 35. f5 Rh8 36. Na5 Rc7 37. Re1 Qd8 38. Rad1 c5 39. dxc5 d4 40. exf6+ Qxf6 41. Re6 Qxf5 42. Qxd4+ Kh7 43. Rde1 Rf7 44. R6e5 Qg6 45. Qd5 Kg7 46. Rg5 1-0

[Event "Albena U16 op"]
[Site "Albena"]
[Date "2012.06.02"]
[Round "7"]
[White "Petkova, Nadezhda"]
[Black "Dyulgerov, Dimitar"]
[Result "0-1"]
[WhiteElo "1691"]
[BlackElo "2015"]
[PlyCount "42"]
[EventDate "2012.05.27"]
[EventType "swiss"]
[EventRounds "7"]
[EventCountry "BUL"]
[SourceTitle "EXT 2013"]
[Source "ChessBase"]
[SourceDate "2012.11.22"]
[SourceVersion "1"]
[SourceVersionDate "2012.11.22"]
[SourceQuality "1"]

1. Nf3 c5 2. g3 b6 3. Bg2 Bb7 4. 0-0 g6 5. Nc3 Bg7 6. b3 Nh6 7. Bb2 0-0 8. Qc1 d5 9. Nd1 d4 10. e3 e5 11. d3 Nc6 12. Nd2 Qc7 13. f4 exf4 14. Rxf4 Nf5 15. Nc4 Bh6 16. Rf2 dxe3 17. Ncxe3 Ncd4 18. Bxb7 Qxb7 19. c3 Nf3+ 20. Kf1 Rae8 21. Ke2 Nxe3 0-1

[Event "Sofia op 2nd"]
[Site "Sofia"]
[Date "2011.10.04"]
[Round "2"]
[White "Orev, Petar"]
[Black "Dyulgerov, Dimitar"]
[Result "1-0"]
[WhiteElo "2204"]
[BlackElo "1957"]
[PlyCount "55"]
[EventDate "2011.10.03"]
[EventType "swiss"]
[EventRounds "9"]
[EventCountry "BUL"]
[SourceTitle "CBM 144 Extra"]
[Source "ChessBase"]
[SourceDate "2011.10.28"]
[SourceVersion "1"]
[SourceVersionDate "2011.10.28"]
[SourceQuality "1"]

1. e4 c5 2. c4 d6 3. Ne2 Nf6 4. Nbc3 Bg4 5. f3 Bh5 6. d4 cxd4 7. Nxd4 Nc6 8. Be3 Qa5 9. Qb3 0-0-0 10. 0-0-0 Nd7 11. Qb5 Qxb5 12. cxb5 Nxd4 13. Bxd4 b6 14. Nd5 e6 15. Nf4 Bg6 16. h4 h5 17. Nxg6 fxg6 18. Bc4 e5 19. Be3 Be7 20. Bf7 g5 21. hxg5 h4 22. Rh3 Rdf8 23. Be6 g6 24. Rdh1 Rh5 25. Rxh4 Bxg5 26. Bxg5 Rxg5 27. Rh7 Rd8 28. Rxd7 1-0